Języki słowiańskie - Statystyki

Ogólne statystyki
  • Ten quiz został rozwiązany 50 razy
  • Średni wynik to 11 z 12
Statystyki odpowiedzi
Język % Poprawnych
Polski
100%
Słowacki
98%
Rosyjski
96%
Ukraiński
96%
Czeski
93%
Serbski
91%
Słoweński
89%
Białoruski
87%
Chorwacki
87%
Bułgarski
83%
Macedoński
80%
Bośniacki
72%
Nie znaleziono quizów pasujących do podanych kryteriów
Rozkład punktacji
Procent ludzi z każdym wynikiem
Percentyl według liczby udzielonych odpowiedzi
Twoja historia wyników
Nie rozwiązałeś tego quizu